000 01187nam a2200349 i 4500
001 000011305
003 DO-SdBNP
005 20250122104024.0
007 ta
008 091016s2005 dr 000 0 spa d
020 _a9993479756
040 _aDO-SdBNP
_bspa
_cBNPHU
041 _aspa
082 4 _aRD863.44
_bV161c
_222
100 1 _aValenzuela, Edgar
_eautor
_4aut.
_96575
245 1 0 _aCuentistas del sur de la isla /
_cEdgar Valenzuela.
250 _aPrimera edición
264 4 _aSanto Domingo :
_bEditorial Perla,
_c©2005.
300 _a176 páginas :
_bilustraciones, retratos ;
_c23 cm.
336 _atexto
_btxt
_2rdacontent
337 _asin mediación
_bn
_2rdamedia
338 _avolumen
_bnc
_2rdacarrier
500 _aIncluye datos biográficos del autor en la solapa de la cubierta
500 _aIncluye notas al pie de las páginas
504 _aBibliografía: p. 173 -176
590 _aLa biblioteca posee 3 ejemplares autografíado por el autor
590 _aInventariado, 2020 /LP
650 4 _aCuentos dominicanos
_xColecciones
_9503
650 0 _aLiteratura dominicana.
_967
910 _aValidado. Control de calidad MFF
942 _2ddc
_cLBS1
999 _c11012
_d11012